000 00526nam a22001697a 4500
005 20231109125226.0
008 231109b |||||||| |||| 00| 0 eng d
020 _a0702129518
041 _aEnglish
082 _a346.2 CON
100 _aVan der Merwe, S et al.
_lEnglish
245 _aContract: General Principles /
_cS Van der Walt et al.
260 _aCape Town :
_bJuta and Company Ltd,
_c1993
300 _bl, 418 pages ;
_c25,5 cm.
650 _aLegal practice
_bLaw
942 _cBK
_6ALISON_BN_VRIES
999 _c479
_d479